000 00497nam a2200193 a 4500
001 1765635237955
003 YourLibrary
005 20251216152706.0
008 251213s2003##################000#0#eng##
020 _a9780827607613
082 0 4 _a221.6
_bKNO
100 1 _aKnohl, Israel,
_eauthor.
245 1 0 _aThe Divine Symphony :
260 _bJewish Publication Society,
_c2003.
300 _a224 pages
650 0 _aReligion.
942 _cENGLISH
040 _aYourLibrary
_beng
_cYourLibrary
999 _c602680
_d602680